00410nam a2200133Ia 4500008004100000100002000041245000900061260000900070300002900079440002400108650005300132999001900185952007200204180117s9999 xx 000 0 und d aby AA Patawaran aWHWN c2017 a22-24 pages, 2017 July 2 aPhilippine Panorama aIF YOU CAN TEACH WRITING, PLEASE RAISE YOUR HAND c353649d353649 001040aCLbCLd2018-01-17l0r2018-01-17 00:00:00w2018-01-17ySE